8. medzinárodné sympózium o dejinách medicíny, farmácie a veterinárnej medicíny zborník príspevkov, Martin, 27.-29. júna 2007
| Corporate Author: | |
|---|---|
| Other Authors: | , |
| Format: | Conference Proceeding Software Book |
| Language: | Slovak Czech English Hungarian |
| Published: |
Martin
Jesseniova lekárska fakulta UK
2007
|
| Subjects: |
MARC
| LEADER | 00000nam a2200000 a 4500 | ||
|---|---|---|---|
| 001 | vtls009084337 | ||
| 003 | SK-MaSNL | ||
| 005 | 20260301125029.0 | ||
| 007 | co bgu muuua | ||
| 008 | 070801s2007 xo f a 100 0 slo | ||
| 015 | |a SNBS2007 | ||
| 020 | |a 9788088866442 (CDROM) | ||
| 040 | |a SNK |b slo |c SNK |e AACR2 | ||
| 041 | 0 | |a slo |a cze |a eng |a hun | |
| 044 | |a xo |c SK | ||
| 072 | 7 | |a 61 |x Lekárske vedy. Medicína |2 konspekt | |
| 080 | |a 61(091) |2 2001 | ||
| 080 | |a 615.1(091) |2 2001 | ||
| 080 | |a 636.09(091) |2 2001 | ||
| 080 | |a (062.534) |2 2001 | ||
| 080 | |a (0.034.44) |2 2001 | ||
| 111 | 2 | |a Medzinárodné sympózium k dejinám medicíny, farmácie a veterinárnej medicíny |n (8. : |d 2007 : |c Martin, Slovensko) |9 168154 | |
| 245 | 1 | 0 | |a 8. medzinárodné sympózium o dejinách medicíny, farmácie a veterinárnej medicíny |h elektronický zdroj |b zborník príspevkov, Martin, 27.-29. júna 2007 |c editori: Mária Bujalková, Ľudmila Pavlíková |
| 246 | 3 | 1 | |a Ôsme medzinárodné sympózium o dejinách medicíny, farmácie a veterinárnej medicíny |
| 256 | |a Elektronické textové údaje | ||
| 260 | |a Martin |b Jesseniova lekárska fakulta UK |c 2007 | ||
| 300 | |a 1 elektronický optický disk (CD-ROM) |c 12 cm | ||
| 516 | |a Text (zborník) | ||
| 538 | |a Technické požiadavky: Adobe Reader 6.0 | ||
| 546 | |a Čiast. text čes., ang., maď. | ||
| 650 | 0 | 7 | |a dejiny medicíny |2 SNKPH |9 112274 |
| 650 | 0 | 7 | |a dejiny farmácie |2 SNKPH |9 21665 |
| 650 | 0 | 7 | |a dejiny veterinárnej medicíny |2 SNKPH |9 68351 |
| 655 | 7 | |a zborníky konferencií |2 SNKPH |9 70153 | |
| 655 | 7 | |a CD-ROM |2 SNKPH |9 70236 | |
| 700 | 1 | |a Bujalková, Mária, |d 1950- |4 edt |9 197131 | |
| 700 | 1 | |a Pavlíková, Ľudmila, |d 1947- |4 edt |9 99106 | |
| 919 | |a 978-80-88866-44-2 | ||
| 999 | |c 741221 |d 743151 | ||
| 952 | |a SNK |b SNK |y PREZ |7 0 |p 17A0559245 |o snkSCDM 1492 |i snk2007/18065 |8 0 |0 0 |1 0 |4 0 |d 2007-08-01 |l 0 |r 2026-02-23 22:59:27 |w 2026-02-23 | ||
| 952 | |a SNK |b SNK |y PREZ |7 0 |p 17A0559244 |o snkSCDM 1492 D1 |i snk2007/18066 |8 0 |0 0 |1 0 |4 0 |d 2007-08-01 |l 0 |r 2026-02-23 22:59:27 |w 2026-02-23 | ||


